[Event "3. Winter-Open 2024"]
[Site "Nuernberg"]
[Date "2024.02.10"]
[Round "2.1"]
[White "Kroneder, Christian"]
[Black "Duong, Quang Bach"]
[Result "0-1"]
[WhiteElo "1984"]
[BlackElo "2180"]
[PlyCount "62"]
[EventDate "2024.??.??"]
[WhiteTeam "SK Schwanstetten 79 e.V."]
[BlackTeam "SF Augsburg"]

1. d4 d5 2. Bf4 c5 3. e3 cxd4 4. exd4 Nc6 5. Nf3 Bg4 6. Be2 e6 7. c3 Bd6 8. Ne5 Bf5 9. g4 Bxb1 10. Rxb1 Qf6 11. Nxc6 Qxf4 12. Ne5 Bxe5 13. dxe5 Qxe5 14. Qa4+ Kf8 15. Qb4+ Ne7 16. Qxb7 Rd8 17. Qb4 d4 18. Rd1 d3 19. O-O Qxe2 20. Rde1 Qf3 21. Re3 Qd5 22. Rd1 a5 23. Qb6 g5 24. Rexd3 Qxd3 25. Rxd3 Rxd3 26. Qxa5 f6 27. Qa8+ Kg7 28. Qe4 Rd1+ 29. Kg2 Ng6 30. Qb7+ Kh6 31. a4 Rhd8 0-1

[Event "3. Winter-Open 2024"]
[Site "Nuernberg"]
[Date "2024.02.10"]
[Round "2.2"]
[White "Liemann, Michael"]
[Black "Merkel, Luis"]
[Result "0-1"]
[WhiteElo "1949"]
[BlackElo "2129"]
[PlyCount "132"]
[EventDate "2024.??.??"]
[WhiteTeam "SC Forchheim e.V."]
[BlackTeam "SG Büchenbach/Roth e.V."]

1. e4 c5 2. Nc3 d6 3. g3 Nc6 4. Bg2 g6 5. d3 Bg7 6. f4 e6 7. Nf3 Nge7 8. O-O O-O 9. Be3 Rb8 10. Rb1 b5 11. a3 Nd4 12. Bf2 Nec6 13. Ne2 a5 14. Nexd4 Nxd4 15. Nxd4 cxd4 16. g4 b4 17. axb4 Rxb4 18. b3 Bd7 19. Qd2 Qb8 20. Ra1 Qc7 21. Ra2 Rc8 22. Rfa1 Rb5 23. Rxa5 Rxa5 24. Rxa5 Qxc2 25. Qxc2 Rxc2 26. Ra8+ Rc8 27. Rxc8+ Bxc8 28. Kf1 Kf8 29. Ke2 Ke8 30. Bf3 Kd7 31. Bg3 e5 32. g5 Kc7 33. Kd2 Kb6 34. h4 f6 35. Kc2 Kc5 36. Kb2 Ba6 37. Kc2 Bc8 38. Kb2 h6 39. Ka3 hxg5 40. hxg5 fxg5 41. fxg5 Ba6 42. Be2 Bf8 43. Be1 Be7 44. Bd2 Kb6 45. Kb2 d5 46. exd5 e4 47. Bf4 Kc5 48. Kc2 Bb5 49. b4+ Kxb4 50. d6 Bd8 51. d7 Kc5 52. Be5 Bxg5 53. Bc7 Bxd7 54. dxe4 Ba4+ 55. Kb2 Bd2 56. e5 Bc3+ 57. Kc1 Bd7 58. Bd3 g5 59. Bd8 g4 60. Bh4 Be6 61. Kd1 Ba5 62. Ke2 Bc7 63. Bg3 Kd5 64. Bb1 Bxe5 65. Ba2+ Kd6 66. Bxe6 Kxe6 0-1

[Event "3. Winter-Open 2024"]
[Site "Nuernberg"]
[Date "2024.02.10"]
[Round "2.3"]
[White "Meulner, Fabian"]
[Black "Funk, Benno"]
[Result "1/2-1/2"]
[WhiteElo "2060"]
[BlackElo "1912"]
[PlyCount "54"]
[EventDate "2024.??.??"]
[WhiteTeam "SC J KLECHEMIE Talente Franken e"]
[BlackTeam "SGem 1882 F rth"]

1. d4 Nf6 2. Nf3 e6 3. Bg5 d5 4. e3 Be7 5. Nbd2 Nbd7 6. Bd3 c5 7. c3 O-O 8. Ne5 Nxe5 9. dxe5 Nd7 10. Bxe7 Qxe7 11. f4 c4 12. Bc2 b5 13. Nf3 Qc5 14. Nd4 a5 15. Qh5 g6 16. Qf3 b4 17. h4 bxc3 18. h5 cxb2 19. Rb1 Qb4+ 20. Kd1 Nc5 21. hxg6 fxg6 22. Rxh7 Nd3 23. Bxd3 cxd3 24. Qh3 Qa4+ 25. Kd2 Qb4+ 26. Kd1 Qa4+ 27. Kd2 Qb4+ 1/2-1/2

[Event "3. Winter-Open 2024"]
[Site "Nuernberg"]
[Date "2024.02.10"]
[Round "2.4"]
[White "Hollmann, Thomas"]
[Black "Deschler, Arne"]
[Result "1-0"]
[WhiteElo "1977"]
[BlackElo "2058"]
[PlyCount "59"]
[EventDate "2024.??.??"]
[WhiteTeam "SG B chenbach/Roth e.V."]
[BlackTeam "SC Noris-Tarrasch N rnberg 1873"]

1. e4 c6 2. d4 d5 3. e5 Bf5 4. Nf3 e6 5. Be2 c5 6. c3 Nc6 7. O-O Nge7 8. dxc5 Ng6 9. b4 Ngxe5 10. Nxe5 Nxe5 11. f4 Nc6 12. g4 Bxb1 13. Rxb1 Be7 14. Be3 O-O 15. Qc2 a5 16. a3 Qc7 17. Bd3 g6 18. f5 exf5 19. gxf5 Ne5 20. f6 Bd8 21. Bb5 axb4 22. axb4 Nd7 23. Bd4 Kh8 24. Rbe1 Nb8 25. Kh1 Nc6 26. Bxc6 bxc6 27. Qd2 Rg8 28. Qh6 Qd7 29. Re3 Qg4 30. Qg7+ 1-0

[Event "3. Winter-Open 2024"]
[Site "Nuernberg"]
[Date "2024.02.10"]
[Round "2.5"]
[White "Hotman, Cagan Arhan"]
[Black "Ratushnyi, Viktor"]
[Result "1-0"]
[WhiteElo "1855"]
[BlackElo "2004"]
[PlyCount "59"]
[EventDate "2024.??.??"]
[WhiteTeam "SK Ingolstadt"]
[BlackTeam "SC Schwarz-Wei  N rnberg S d e.V"]

1. e4 e5 2. Nf3 Nc6 3. d4 exd4 4. Nxd4 Bc5 5. Nb3 Bb6 6. Nc3 a5 7. a4 h6 8. Qe2 d6 9. Be3 Bxe3 10. Qxe3 Be6 11. O-O-O Bxb3 12. cxb3 Qg5 13. f4 Qc5 14. Qg3 Nge7 15. Qxg7 Rg8 16. Qxh6 Nd4 17. Bc4 b5 18. Qf6 Ne6 19. Bxe6 fxe6 20. axb5 Rxg2 21. Qd4 Qb4 22. Qc4 Ra7 23. Rdg1 Rf2 24. Qxe6 Kd8 25. Rg7 d5 26. Rd1 c6 27. bxc6 Qxb3 28. Rxd5+ Kc7 29. Qxe7+ Kxc6 30. Qc5# 1-0

[Event "3. Winter-Open 2024"]
[Site "Nuernberg"]
[Date "2024.02.10"]
[Round "2.6"]
[White "Ulusoy, Tolga"]
[Black "Reich, Elisabeth"]
[Result "1-0"]
[WhiteElo "1996"]
[BlackElo "1747"]
[PlyCount "171"]
[EventDate "2024.??.??"]
[WhiteTeam "SC Noris-Tarrasch N rnberg 1873"]
[BlackTeam "ATSV Oberkotzau"]

1. e4 c5 2. d4 cxd4 3. c3 d3 4. Bxd3 d6 5. c4 g6 6. Nc3 Bg7 7. Nge2 Nf6 8. O-O O-O 9. Bd2 Nc6 10. Rc1 Bd7 11. b3 Rc8 12. Kh1 Ne5 13. Bb1 Nc6 14. f4 Bg4 15. Qe1 Bxe2 16. Qxe2 Nd4 17. Qf2 Nc6 18. Qh4 Qd7 19. f5 Ne5 20. Rce1 b6 21. Nd5 Nxd5 22. exd5 Bf6 23. Qg3 Qe8 24. Bh6 Bg7 25. Qh3 b5 26. Re4 f6 27. fxg6 hxg6 28. Rh4 Qf7 29. cxb5 Rc5 30. a4 Rfc8 31. Qe3 R8c7 32. Bxg7 Qxg7 33. Qd2 Rc3 34. Rb4 f5 35. b6 axb6 36. Rxb6 Nd7 37. Rc6 R3xc6 38. dxc6 Ne5 39. Rc1 Qh7 40. b4 Ng4 41. h3 Qh4 42. Kg1 Ne5 43. Ba2+ Kg7 44. Bd5 e6 45. Bxe6 Rxc6 46. Rxc6 Nxc6 47. b5 Ne5 48. a5 Qa4 49. b6 Qa1+ 50. Kh2 Nc6 51. Qxd6 Nxa5 52. Qe7+ Kh6 53. Qd6 Kg7 54. Bd5 Qd4 55. b7 Nxb7 56. Qe7+ Kh6 57. Bxb7 Qf4+ 58. g3 Qd2+ 59. Bg2 Qc2 60. Qh4+ Kg7 61. Qf4 Qe2 62. h4 Qc2 63. Qg5 Kf7 64. Kh3 Qd3 65. Qh6 Qd1 66. Qe3 Qg4+ 67. Kh2 Qd1 68. Qe5 Qc2 69. Kh3 Qd1 70. Qd5+ Qxd5 71. Bxd5+ Kf6 72. Kg2 Ke5 73. Bb7 Kf6 74. Kf3 g5 75. hxg5+ Kxg5 76. Bc8 f4 77. g4 Kf6 78. Kxf4 Kg6 79. g5 Kg7 80. Kf5 Kf8 81. Kf6 Kg8 82. g6 Kh8 83. g7+ Kh7 84. Be6 Kh6 85. g8=Q Kh5 86. Qg5# 1-0

[Event "3. Winter-Open 2024"]
[Site "Nuernberg"]
[Date "2024.02.10"]
[Round "2.7"]
[White "Klampfer, Matjaz"]
[Black "Blumenthal Tuset, Sebastian"]
[Result "1-0"]
[WhiteElo "1916"]
[BlackElo "1640"]
[PlyCount "119"]
[EventDate "2024.??.??"]
[WhiteTeam "SG B chenbach/Roth e.V."]
[BlackTeam "SC Noris-Tarrasch N rnberg 1873"]

1. Nf3 Nc6 2. g3 d5 3. Bg2 e5 4. d3 h6 5. O-O Nge7 6. Nbd2 g6 7. e4 d4 8. Nc4 Bg7 9. a4 Be6 10. b3 O-O 11. h3 Nc8 12. Ba3 Re8 13. Qd2 Bxc4 14. bxc4 Nb6 15. a5 Nd7 16. Nh4 b6 17. axb6 cxb6 18. Kh2 Kh7 19. Rg1 Bf6 20. Nf3 Nf8 21. Raf1 Ne6 22. h4 Rc8 23. Bh3 Rb8 24. Bc1 Bg7 25. Kg2 Nc5 26. Nh2 Ne6 27. Qe1 Qe7 28. f4 exf4 29. gxf4 Bf6 30. Nf3 Qc5 31. e5 Bg7 32. Kh2 Nb4 33. Rg2 b5 34. h5 Bh8 35. hxg6+ fxg6 36. Qe4 Nf8 37. Nxd4 bxc4 38. Rfg1 Rb6 39. Bf5 Rxe5 40. fxe5 Qxe5+ 41. Bf4 Qxe4 42. Bxe4 Bxd4 43. Rf1 cxd3 44. cxd3 Rf6 45. Rb1 Rxf4 46. Rxb4 Be5 47. Kg1 Rf7 48. Rf2 Bf6 49. Bd5 Rd7 50. Rxf6 Rxd5 51. Rxf8 Kg7 52. Rf3 Rg5+ 53. Kf2 Rf5 54. Rb7+ Kf6 55. Rxa7 Rxf3+ 56. Kxf3 h5 57. Kg3 g5 58. Ra5 Kg6 59. Re5 Kf6 60. d4 1-0

[Event "3. Winter-Open 2024"]
[Site "Nuernberg"]
[Date "2024.02.10"]
[Round "2.8"]
[White "Pilhöfer, Lukas"]
[Black "Vogiatzis, Dimitrios"]
[Result "1/2-1/2"]
[WhiteElo "1900"]
[BlackElo "1897"]
[PlyCount "109"]
[EventDate "2024.??.??"]
[WhiteTeam "SC Sulzbach-Rosenberg"]
[BlackTeam "SC Noris-Tarrasch N rnberg 1873"]

1. d4 d5 2. c4 e5 3. dxe5 d4 4. Nf3 Nc6 5. e3 Bb4+ 6. Bd2 dxe3 7. fxe3 Be6 8. Nc3 Nge7 9. a3 Bxc3 10. Bxc3 Ng6 11. Be2 Qe7 12. O-O O-O 13. Qb3 Rab8 14. Qc2 Rfe8 15. b4 Bg4 16. Rae1 Bxf3 17. Rxf3 Ncxe5 18. Rh3 Qe6 19. Bb2 Rbd8 20. Qc3 f6 21. Qc2 Nf8 22. c5 Kh8 23. Rf1 Re7 24. Rf4 Neg6 25. Bc4 Qd7 26. Rd4 Qe8 27. Qf2 Rxd4 28. Bxd4 Ne5 29. Bb3 Qg6 30. Bc2 Qg5 31. Rg3 Qh4 32. Qf5 g6 33. Qc8 Kg7 34. Bxe5 fxe5 35. Qxb7 Qc4 36. Qe4 Qc3 37. Rf3 Ne6 38. Qd3 Qxd3 39. Bxd3 Rd7 40. Bc4 Ng5 41. Rf1 Ne4 42. Bb5 Rd2 43. Bc4 Nf6 44. h3 Rc2 45. Be6 Rc3 46. a4 Rxe3 47. Rd1 Re4 48. Rb1 Kf8 49. a5 Ke7 50. Bc8 Rc4 51. Ba6 Rc2 52. Bd3 Rc3 53. Be2 Ke6 54. Rd1 Ke7 55. Rd3 1/2-1/2

[Event "3. Winter-Open 2024"]
[Site "Nuernberg"]
[Date "2024.02.10"]
[Round "2.9"]
[White "Hahn, Thomas"]
[Black "Kessler, Georg"]
[Result "1-0"]
[WhiteElo "1642"]
[BlackElo "1658"]
[PlyCount "49"]
[EventDate "2024.??.??"]
[WhiteTeam "Spvg Zabo-Eintracht N rnberg e.V"]
[BlackTeam "SC Sulzbach-Rosenberg"]

1. e4 e5 2. f4 d5 3. exd5 exf4 4. Nf3 Bg4 5. Nc3 Be7 6. Bb5+ c6 7. dxc6 bxc6 8. Bc4 Bh4+ 9. Kf1 Nd7 10. d4 Nh6 11. Bxf4 O-O 12. Bxh6 gxh6 13. h3 Bh5 14. g4 Bg6 15. Nxh4 Qxh4 16. Kg2 Rae8 17. Qd2 Re7 18. Rhe1 Rfe8 19. Rxe7 Rxe7 20. Rf1 Nb6 21. Bb3 h5 22. Qf2 Qg5 23. Qf4 Qa5 24. Qf6 Rd7 25. Re1 1-0

[Event "3. Winter-Open 2024"]
[Site "Nuernberg"]
[Date "2024.02.10"]
[Round "2.10"]
[White "Mohylnyi, Stepan"]
[Black "Denninger, David"]
[Result "1-0"]
[WhiteElo "2142"]
[BlackElo "1621"]
[PlyCount "65"]
[EventDate "2024.??.??"]
[WhiteTeam "SC Noris-Tarrasch N rnberg 1873"]
[BlackTeam "SC J KLECHEMIE Talente Franken e"]

1. e4 c5 2. Nf3 d6 3. Bb5+ Bd7 4. Bxd7+ Qxd7 5. d4 cxd4 6. Qxd4 Nc6 7. Qd3 Nf6 8. c4 Nb4 9. Qe2 Rc8 10. Nc3 Qc7 11. b3 g6 12. Bb2 Bg7 13. a3 Nc6 14. Nd5 Qd7 15. O-O O-O 16. Nxf6+ exf6 17. Rad1 Qe6 18. Qd3 Rcd8 19. Qd5 Rd7 20. Nd4 Nxd4 21. Qxd4 Re8 22. Rfe1 Qe5 23. Qd2 Bh6 24. Qc2 Qe6 25. Qc3 Qe5 26. Qh3 Qxb2 27. Qxd7 Re6 28. Rxd6 Rxd6 29. Qxd6 Qc3 30. Qb4 Qxb4 31. axb4 Bd2 32. Rd1 Bxb4 33. Rd7 1-0

[Event "3. Winter-Open 2024"]
[Site "Nuernberg"]
[Date "2024.02.10"]
[Round "2.11"]
[White "Meulner, Klaus"]
[Black "Huber, Andreas"]
[Result "1-0"]
[WhiteElo "2017"]
[BlackElo "1553"]
[PlyCount "49"]
[EventDate "2024.??.??"]
[WhiteTeam "SC Schwarz-Wei  N rnberg S d e.V"]
[BlackTeam "SK T ging"]

1. d4 Nf6 2. Bg5 h6 3. Bxf6 exf6 4. e3 d5 5. Nd2 Bd6 6. Bd3 O-O 7. Qf3 c6 8. Ne2 b6 9. g4 Qe7 10. O-O-O Na6 11. c3 Nc7 12. h4 Ba6 13. Bc2 Ne6 14. Ng3 Bxg3 15. Qxg3 g6 16. Rde1 Kg7 17. f4 Qc7 18. Qf2 Rae8 19. f5 Nd8 20. e4 g5 21. e5 Bc8 22. hxg5 hxg5 23. Qh2 Rh8 24. exf6+ Kxf6 25. Qxc7 1-0

[Event "3. Winter-Open 2024"]
[Site "Nuernberg"]
[Date "2024.02.10"]
[Round "2.12"]
[White "Bruss, Robert"]
[Black "Heron, Steve"]
[Result "1-0"]
[WhiteElo "1895"]
[BlackElo "1551"]
[PlyCount "31"]
[EventDate "2024.??.??"]
[WhiteTeam "SV Altensittenbach"]

1. d4 e5 2. dxe5 Nc6 3. Nf3 Qe7 4. Bf4 Qb4+ 5. Bd2 Qxb2 6. Nc3 Nb4 7. Nd4 Bc5 8. Rb1 Qa3 9. Ndb5 Qa5 10. a3 Qb6 11. e3 Na6 12. Nd6+ cxd6 13. Rxb6 axb6 14. Nd5 Kd8 15. Qg4 Ne7 16. Qxg7 1-0

[Event "3. Winter-Open 2024"]
[Site "Nuernberg"]
[Date "2024.02.10"]
[Round "2.13"]
[White "Vennemann, J rgen"]
[Black "Frysztacki, Marco"]
[Result "1-0"]
[WhiteElo "1843"]
[BlackElo "1527"]
[PlyCount "120"]
[EventDate "2024.??.??"]
[WhiteTeam "SC Hersbruck"]
[BlackTeam "SV Lauf a.d.P."]

1. d4 d5 2. Nf3 Nf6 3. e3 c5 4. b3 cxd4 5. exd4 Nc6 6. Bd3 Bg4 7. Bb2 e6 8. a3 Bd6 9. O-O O-O 10. Nbd2 Qc7 11. Qe1 Nd7 12. Qe3 Bf4 13. Qe1 a6 14. h3 Bh5 15. g3 Bh6 16. Kg2 Ne7 17. Ne5 Nxe5 18. dxe5 Bg6 19. Rc1 Qc6 20. Bxg6 fxg6 21. Kg1 Nf5 22. c4 d4 23. Rd1 Rad8 24. Qe4 Bxd2 25. Qxc6 bxc6 26. Rxd2 Rd7 27. Rfd1 Rfd8 28. b4 d3 29. Kg2 h5 30. Kf3 a5 31. bxa5 Nd4+ 32. Bxd4 Rxd4 33. Rc1 Ra8 34. Ke3 Rd7 35. Rxd3 Rxd3+ 36. Kxd3 Rxa5 37. Kd4 c5+ 38. Kd3 Rxa3+ 39. Rc3 Ra2 40. Ke3 g5 41. f4 gxf4+ 42. Kxf4 Rf2+ 43. Kg5 Rf5+ 44. Kg6 Rxe5 45. Ra3 Rf5 46. Ra8+ Rf8 47. Rxf8+ Kxf8 48. Kxh5 Kf7 49. Kg5 g6 50. h4 e5 51. g4 Ke6 52. h5 gxh5 53. gxh5 e4 54. Kf4 e3 55. Kxe3 Kf5 56. h6 Kg6 57. Ke4 Kxh6 58. Kd5 Kg6 59. Kxc5 Kf6 60. Kd6 Kf7 1-0

[Event "3. Winter-Open 2024"]
[Site "Nuernberg"]
[Date "2024.02.10"]
[Round "2.14"]
[White "Frenz, Joachim"]
[Black "Schlötterer, Hermann"]
[Result "0-1"]
[WhiteElo "1505"]
[BlackElo "1788"]
[PlyCount "128"]
[EventDate "2024.??.??"]
[WhiteTeam "SC Stein 1998 e.V."]
[BlackTeam "Spvg Zabo-Eintracht N rnberg e.V"]

1. d4 Nf6 2. Bf4 c5 3. d5 d6 4. f3 g6 5. Nc3 Bg7 6. e4 a6 7. a4 Nh5 8. Bd2 e5 9. Be3 O-O 10. Qd2 Bh8 11. Nge2 Nd7 12. g4 Ng7 13. h4 Rb8 14. Ng3 Qa5 15. h5 b5 16. hxg6 fxg6 17. Bg2 b4 18. Nce2 c4 19. Kf2 Nc5 20. Bxc5 Qxc5+ 21. Qe3 Bxg4 22. Qxc5 dxc5 23. Ke3 Bd7 24. Nf1 Ne8 25. Nd2 Nd6 26. Bh3 Rb7 27. Bxd7 Rxd7 28. Rag1 Bf6 29. b3 cxb3 30. cxb3 Bd8 31. Rg3 Rg7 32. Rc1 h5 33. Kd3 Bh4 34. Rg2 Rc8 35. Nc4 Nxc4 36. Kxc4 Kf7 37. Rf1 Ke7 38. Nc1 Kd6 39. Rh1 Bf6 40. Nd3 h4 41. Nf2 Rf8 42. Nh3 Be7 43. Rf1 g5 44. Rg4 Kd7 45. Kd3 Kc7 46. Ke3 Kb6 47. Rfg1 Rfg8 48. Kd3 Rf8 49. Ke3 c4 50. bxc4 Bc5+ 51. Ke2 Bxg1 52. Rxg1 Kc5 53. Nxg5 Kxc4 54. Rc1+ Kb3 55. Ne6 Rg2+ 56. Ke3 Rfg8 57. Nc5+ Ka3 58. d6 b3 59. Rc3 Kb4 60. Rc1 Rc2 61. Nd3+ Kc3 62. Rb1 Rd8 63. Nxe5 Rxd6 64. f4 b2 0-1

[Event "3. Winter-Open 2024"]
[Site "Nuernberg"]
[Date "2024.02.10"]
[Round "2.15"]
[White "Killmann, Reinmar"]
[Black "Ratushna, Olha"]
[Result "1/2-1/2"]
[WhiteElo "1749"]
[BlackElo "1477"]
[PlyCount "46"]
[EventDate "2024.??.??"]
[WhiteTeam "SC J KLECHEMIE Talente Franken e"]
[BlackTeam "SC Schwarz-Wei  N rnberg S d e.V"]

1. e4 e5 2. Nf3 Nc6 3. Bb5 Nf6 4. O-O d6 5. Re1 Bg4 6. h3 Bh5 7. c3 Be7 8. d4 exd4 9. cxd4 O-O 10. Bxc6 bxc6 11. Nc3 Nd7 12. Qd3 Bg6 13. Qe3 Re8 14. b3 Bf8 15. Nd2 f5 16. f3 Qh4 17. Qf2 Qe7 18. Ba3 Qf6 19. Rac1 fxe4 20. Ncxe4 Qf4 21. g3 Qf5 22. Bb2 Qxh3 23. Rxc6 d5 1/2-1/2

[Event "3. Winter-Open 2024"]
[Site "Nuernberg"]
[Date "2024.02.10"]
[Round "2.16"]
[White "Junge, Fabian"]
[Black "Miller, Renold"]
[Result "1-0"]
[WhiteElo "1703"]
[BlackElo "1468"]
[PlyCount "95"]
[EventDate "2024.??.??"]
[WhiteTeam "SV W rzburg von 1865 e.V."]
[BlackTeam "SC Rastatt"]

1. e4 c6 2. d4 d5 3. e5 c5 4. dxc5 Nc6 5. f4 Bf5 6. c3 e6 7. Be3 Nh6 8. Nf3 Bg4 9. Be2 Nf5 10. Bf2 Bxf3 11. Bxf3 Rc8 12. O-O Na5 13. b4 Nc4 14. Qe2 g5 15. g4 Nh4 16. Bxh4 gxh4 17. Nd2 Nxd2 18. Qxd2 b6 19. cxb6 Qxb6+ 20. Kh1 Rc4 21. Be2 Re4 22. Rf3 Be7 23. Bd3 Qc6 24. Bxe4 dxe4 25. Re3 Rg8 26. Qd4 Rxg4 27. Qxe4 Qb5 28. Qa8+ Bd8 29. Rd1 Qb6 30. Red3 Rg1+ 31. Rxg1 Ke7 32. Qxd8+ Qxd8 33. Rxd8 Kxd8 34. c4 Kc7 35. Rg7 Kc6 36. Rxf7 h5 37. Re7 a5 38. a3 a4 39. Rxe6+ Kd7 40. f5 Kd8 41. Kg2 Kd7 42. Kf3 Kd8 43. Ke4 Kd7 44. Kd5 Kd8 45. Kc6 h3 46. f6 h4 47. f7 Kc8 48. Re8# 1-0

[Event "3. Winter-Open 2024"]
[Site "Nuernberg"]
[Date "2024.02.10"]
[Round "2.17"]
[White "Kaza, Charith"]
[Black "Waschner, Richard"]
[Result "0-1"]
[WhiteElo "1393"]
[BlackElo "1673"]
[PlyCount "126"]
[EventDate "2024.??.??"]
[WhiteTeam "SC Noris-Tarrasch N rnberg 1873"]
[BlackTeam "Spvg Zabo-Eintracht N rnberg e.V"]

1. e4 c6 2. d4 d5 3. exd5 cxd5 4. Bd3 Nc6 5. Nf3 Bg4 6. h3 Bxf3 7. Qxf3 Nxd4 8. Qd1 Nc6 9. Nc3 e6 10. a3 Nf6 11. Bg5 Be7 12. O-O O-O 13. Ne2 Ne5 14. Bb5 Qb6 15. Ba4 Qxb2 16. Bb3 Nc6 17. f4 Ne4 18. Ra2 Nc3 19. Rxb2 Nxd1 20. Rxd1 Bxa3 21. Rbb1 Rfc8 22. Ba4 Na5 23. Nd4 a6 24. Nb3 Nc4 25. Nd4 b5 26. Bb3 Ne3 27. Rd3 Bc5 28. Kh1 Bxd4 29. Rxd4 Nxc2 30. Bxc2 Rxc2 31. Rd3 Rac8 32. Kh2 Ra2 33. Rdd1 Rcc2 34. Kh1 Rxg2 35. Rdc1 Rgc2 36. Kg1 f6 37. Bh4 e5 38. fxe5 fxe5 39. Rd1 d4 40. Rbc1 Rg2+ 41. Kh1 g5 42. Be1 Rh2+ 43. Kg1 Rxh3 44. Bb4 Kf7 45. Rc6 Rf3 46. Rdc1 Rf6 47. Rc7+ Kg6 48. Be7 Rf7 49. R1c6+ Kh5 50. Re6 Re2 51. Rxa6 d3 52. Rd7 d2 53. Rad6 Re1+ 54. Kg2 d1=Q 55. Rxd1 Rxd1 56. Rxd1 Rxe7 57. Rd5 Rb7 58. Rxe5 b4 59. Re1 b3 60. Rb1 b2 61. Kf3 Rb3+ 62. Ke4 Kg6 63. Ke5 h5 0-1

[Event "3. Winter-Open 2024"]
[Site "Nuernberg"]
[Date "2024.02.10"]
[Round "2.18"]
[White "Nesmjanowitsch, Julia"]
[Black "Mankus, Siegfried"]
[Result "1-0"]
[WhiteElo "1666"]
[BlackElo "1448"]
[PlyCount "49"]
[EventDate "2024.??.??"]
[WhiteTeam "SC J KLECHEMIE Talente Franken e"]
[BlackTeam "Spvg Zabo-Eintracht N rnberg e.V"]

1. e4 e6 2. d4 d5 3. exd5 exd5 4. Nf3 Bd6 5. Bd3 Bg4 6. h3 Bh5 7. O-O Ne7 8. Be3 Bg6 9. Nc3 O-O 10. Re1 c6 11. Ne2 Re8 12. Nf4 Nd7 13. Nh5 Bxd3 14. Qxd3 Ng6 15. Re2 Qc7 16. Rae1 Ndf8 17. Qd2 Qd7 18. Bh6 Rxe2 19. Rxe2 Ne6 20. Bxg7 Be7 21. Qh6 Qd8 22. Be5 Bg5 23. Nxg5 Qxg5 24. Nf6+ Kh8 25. Qxh7# 1-0

[Event "3. Winter-Open 2024"]
[Site "Nuernberg"]
[Date "2024.02.10"]
[Round "2.19"]
[White "Antipka, Gherman"]
[Black "Fridlin, Daniel"]
[Result "1/2-1/2"]
[WhiteElo "1450"]
[BlackElo "1663"]
[PlyCount "133"]
[EventDate "2024.??.??"]
[WhiteTeam "SC J KLECHEMIE Talente Franken e"]
[BlackTeam "SC Noris-Tarrasch N rnberg 1873"]

1. e4 c5 2. Nf3 d6 3. d4 cxd4 4. Nxd4 Nf6 5. Nc3 a6 6. a4 e5 7. Nf3 Be6 8. Be2 Be7 9. O-O O-O 10. Be3 h6 11. Qd2 Nbd7 12. Rfd1 Ng4 13. h3 Nxe3 14. Qxe3 Qc7 15. Rac1 Qc6 16. b3 Nf6 17. Nd2 Rac8 18. Na2 Nd7 19. Nb4 Qc7 20. c4 Qa5 21. Nd5 Bxd5 22. exd5 Bg5 23. Qc3 Qb6 24. Rb1 Nc5 25. Nf3 Ne4 26. Qe1 Bf6 27. Bd3 Nc5 28. Bc2 Rfe8 29. b4 Nd7 30. a5 Qc7 31. Ba4 Red8 32. Rbc1 b6 33. axb6 Nxb6 34. Bc6 Qe7 35. Qe4 Nd7 36. Ra1 Nb8 37. b5 axb5 38. cxb5 Qc7 39. Ra4 Nxc6 40. bxc6 Ra8 41. Rb1 Rxa4 42. Qxa4 Rb8 43. Rxb8+ Qxb8 44. Nd2 Bg5 45. Qc2 Bd8 46. Qf5 Qc7 47. Nc4 g6 48. Qb1 Qa7 49. Qb7 Qa1+ 50. Kh2 Qd4 51. Ne3 Qc5 52. Qd7 Qb6 53. Nc4 Qxf2 54. Qxd8+ Kg7 55. Qb6 Qf4+ 56. Kh1 Qc1+ 57. Kh2 Qf4+ 58. g3 Qxc4 59. c7 Qc2+ 60. Kg1 Qc1+ 61. Kf2 Qd2+ 62. Kf1 Qd1+ 63. Kg2 Qxd5+ 64. Kf2 Qd2+ 65. Kf3 Qc3+ 66. Ke4 Qc4+ 67. Ke3 1/2-1/2

[Event "3. Winter-Open 2024"]
[Site "Nuernberg"]
[Date "2024.02.10"]
[Round "2.20"]
[White "Koellner, Ulrich"]
[Black "Denninger, Tanja"]
[Result "1-0"]
[WhiteElo "1661"]
[BlackElo "1240"]
[PlyCount "57"]
[EventDate "2024.??.??"]
[WhiteTeam "SV 1920 Hofheim"]
[BlackTeam "SC J KLECHEMIE Talente Franken e"]

1. d4 d5 2. c4 e6 3. Nc3 Nf6 4. Nf3 g6 5. Bg5 Bg7 6. e3 O-O 7. Bd3 Nbd7 8. cxd5 exd5 9. Nxd5 c5 10. Nxf6+ Bxf6 11. Bxf6 Qxf6 12. O-O b6 13. Qa4 Rd8 14. Be4 Rb8 15. Qxa7 Qe6 16. Ne5 Qd6 17. Nxd7 Rxd7 18. Qa4 cxd4 19. Rfd1 Bb7 20. Rxd4 Qe6 21. Qxd7 Bxe4 22. Qxe6 fxe6 23. Rxe4 Kf7 24. Rc1 Rd8 25. g3 Rd2 26. Rb4 Rd6 27. Rc7+ Kf6 28. Rxh7 e5 29. Rb7 1-0

[Event "3. Winter-Open 2024"]
[Site "Nuernberg"]
[Date "2024.02.10"]
[Round "2.21"]
[White "Marczok, Robert"]
[Black "Heemann, Jonas"]
[Result "0-1"]
[WhiteElo "1651"]
[BlackElo "1370"]
[PlyCount "68"]
[EventDate "2024.??.??"]
[WhiteTeam "SC J KLECHEMIE Talente Franken e"]
[BlackTeam "SK N rnberg 1911 e.V."]

1. e4 Nf6 2. Nc3 d6 3. Nf3 b6 4. d4 Bb7 5. Bd3 g6 6. O-O Bg7 7. Re1 O-O 8. Be3 Nbd7 9. Qd2 Ng4 10. Bf4 e5 11. dxe5 Ndxe5 12. Nxe5 Nxe5 13. Be2 Re8 14. Rad1 a6 15. Bh6 Nd7 16. Bxg7 Kxg7 17. f4 Bxe4 18. Qd4+ Nf6 19. Nxe4 Rxe4 20. Qf2 Re7 21. f5 Qd7 22. fxg6 fxg6 23. Rf1 Rf8 24. Bxa6 Qa4 25. Bd3 Qxa2 26. b3 Ref7 27. Qd4 Qa5 28. Qb2 Qc5+ 29. Kh1 Kg8 30. h3 b5 31. c4 c6 32. cxb5 cxb5 33. Bc2 Qe5 34. Qa3 Ng4 0-1

[Event "3. Winter-Open 2024"]
[Site "Nuernberg"]
[Date "2024.02.10"]
[Round "2.22"]
[White "Ratushnyi, Artur"]
[Black "Blumenthal, Benjamin"]
[Result "1/2-1/2"]
[WhiteElo "1318"]
[BlackElo "1637"]
[PlyCount "25"]
[EventDate "2024.??.??"]
[WhiteTeam "SC Schwarz-Wei  N rnberg S d e.V"]
[BlackTeam "SC Noris-Tarrasch N rnberg 1873"]

1. e4 e6 2. d4 d5 3. exd5 exd5 4. Nf3 Nf6 5. Nc3 Bd6 6. Bg5 Qe7+ 7. Be2 c6 8. O-O O-O 9. Re1 Be6 10. Bd3 h6 11. Bh4 Nbd7 12. Ne5 g5 13. Bg3 1/2-1/2

[Event "3. Winter-Open 2024"]
[Site "Nuernberg"]
[Date "2024.02.10"]
[Round "2.23"]
[White "Müller, Tim"]
[Black "Nagl, Simon"]
[Result "1-0"]
[WhiteElo "1200"]
[BlackElo "1604"]
[PlyCount "75"]
[EventDate "2024.??.??"]
[WhiteTeam "SC Noris-Tarrasch N rnberg 1873"]
[BlackTeam "SG B chenbach/Roth e.V."]

1. e4 c5 2. Nf3 d6 3. d4 cxd4 4. Nxd4 Nf6 5. Nc3 a6 6. f3 e5 7. Nb3 Be7 8. Be3 Be6 9. Nd5 h5 10. Bb6 Qc8 11. Nc7+ Kf8 12. Nxa8 Nbd7 13. Be3 Qxa8 14. c4 g6 15. Qd2 Kg7 16. Bd3 Rc8 17. Rc1 b5 18. cxb5 Rxc1+ 19. Nxc1 axb5 20. Bxb5 Nxe4 21. fxe4 Qxe4 22. O-O Nf6 23. Bh6+ Kh7 24. Bg5 Kg7 25. Bxf6+ Bxf6 26. Qxd6 Bh4 27. Nd3 Qe3+ 28. Kh1 e4 29. Qe5+ Kg8 30. Nc5 Bf5 31. Bd3 Bf2 32. Bxe4 Qe2 33. Qb8+ Kh7 34. Ra1 Bxe4 35. Nxe4 Qxe4 36. Qb3 Kg7 37. Qf3 Qc2 38. Qc3+ 1-0

[Event "3. Winter-Open 2024"]
[Site "Nuernberg"]
[Date "2024.02.10"]
[Round "2.24"]
[White "Kiehne, Pascal"]
[Black "Jusic, Enes"]
[Result "1-0"]
[WhiteElo "1541"]
[BlackElo "1135"]
[PlyCount "83"]
[EventDate "2024.??.??"]
[WhiteTeam "SG B chenbach/Roth e.V."]
[BlackTeam "SC J KLECHEMIE Talente Franken e"]

1. e4 e5 2. Nf3 Nf6 3. Nxe5 d6 4. Nf3 Nxe4 5. d4 d5 6. Bd3 Bf5 7. Bf4 Bd6 8. Bxd6 Qxd6 9. O-O Nd7 10. Re1 O-O-O 11. Nbd2 Rde8 12. Nh4 g6 13. Nxf5 gxf5 14. f3 Nxd2 15. Qxd2 Qf6 16. Qf4 Rhg8 17. Rxe8+ Rxe8 18. Bxf5 Qc6 19. Bxh7 f6 20. Bf5 Qb6 21. Bxd7+ Kxd7 22. b3 Qb4 23. Kf2 Qc3 24. Rc1 b6 25. a4 c5 26. dxc5 Qxc5+ 27. Kf1 Qe7 28. Qd2 Qd6 29. Re1 Rh8 30. h3 Kc6 31. Qe3 Kd7 32. f4 Rh7 33. g4 Rh8 34. Kg2 Rg8 35. Rd1 f5 36. Kg3 Re8 37. Qf2 fxg4 38. hxg4 Qc6 39. c4 Kc7 40. Rxd5 Qf6 41. Qd4 Qe7 42. Qe5+ 1-0